Did They End Up Together? Quiz Stats

 Plays Quiz Updated Jan 16, 2019

Support Sporcle.
Go Orange.
Score 0/20 Timer 04:00
2 Plays Today
Movie: Actress Yes/No % Correct
Grease: Olivia Newton-John???
92.7%
Pretty Woman: Julia Roberts???
91.4%
Sleepless in Seattle: Meg Ryan???
90.2%
Mr. and Mrs. Smith: Angelina Jolie???
88.8%
Titanic: Kate Winslet???
87.3%
The Princess Bride: Robin Wright???
85.1%
The Notebook: Rachel McAdams???
84.2%
Dirty Dancing: Jennifer Grey???
83%
Mamma Mia!: Meryl Streep???
80.6%
Casablanca: Ingrid Bergman???
77.4%
Movie: Actress Yes/No % Correct
The Graduate: Anne Bancroft???
73.4%
Working Girl: Melanie Griffith???
73.1%
Gone With The Wind: Vivian Leigh???
68%
A Streetcar Named Desire: Kim Hunter???
65.5%
Vertigo: Kim Novak???
63.4%
Moulin Rouge!: Nicole Kidman???
61.3%
Edward Scissorhands: Winona Ryder???
59.2%
My Best Friend's Wedding: Julia Roberts???
54.3%
It Happened One Night: Claudette Colbert???
54.2%
The King and I: Deborah Kerr???
43.1%

You're not logged in!

Compare scores with friends on all Sporcle quizzes.
OR
Log In

From the Vault

USA by Unique 2-Letter Combos III

by goc3

Uniqueness is the spice of life. This time it's the spice of states. State spice.
Remove Ads.
Support Sporcle.
Get the best of Sporcle when you Go Orange. This ad-free experience offers more features, more stats, and more fun while also helping to support Sporcle. Thank you for becoming a member.

Show Comments

Extras

Top Quizzes Today


Score Distribution

Your Account Isn't Verified!

In order to create a playlist on Sporcle, you need to verify the email address you used during registration. Go to your Sporcle Settings to finish the process.

Report this User

Report this user for behavior that violates our Community Guidelines.

Details: